Представление документа в формате MARC21

Поле Инд. ПП Название Значение
Тип записи a
Библиографический уровень m
001 Контрольный номер f36bb12c08dd46139de9e48a122b1a17
005 Дата корректировки 20241106134210.9
020 a ISBN 978-5-7995-1235-4
040 b Код языка каталог. rus
e Правила каталог. PSBO
041 0_ a Код языка текста rus
097 b Оператор *Фа*
100 1_ a Автор Воронцов А.П.
245 10 a Заглавие Курсовые работы по сопротивлению материалов
b Продолж. заглавия учебное пособие
c Ответственность Тверской государственный технический университет
260 a Место издания Тверь
b Издательство ТвГТУ
c Дата издания 2022
300 a Объем 96 с.
516 8_ a Прим. о типе комп. файла/ данных Текст : электронный
520 0_ a Аннотация Приведены задания для выполнения курсовых работ по сопротивлению материалов, а также справочные материалы, необходимые для их выполнения. Предназначено для студентов высших учебных заведений очной формы обучения.
535 1_ a Хранилище Сервер
653 0_ a Ключевые слова Курсовые работы
a Ключевые слова Сопротивление материалов
a Ключевые слова Расчеты на прочность
a Ключевые слова Упругие системы
655 07 a Жанр/ форма (устаревшее) М
700 1_ a Другие авторы Алексеев А.А.
700 1_ a Другие авторы Соколов С.А.
700 12 a Другие авторы Черемных С.В.
900 a Имя макрообъекта 001-000150813-000000000-0000-0000-01
901 t Тип документа m
905 b Дата создания записи обработка 11.10.22
952 a Тип литературы для КСУ ВШ М1
990 h N записи в КСУ для Б/У (DOS) 33/2022э